Statistiques concernant Retrouve le titre rap

Cliquez ici pour prendre le quiz!

Statistiques générales

  • Ce quiz a été pris 84 fois
  • Le résultat moyen est 8 sur 26

Statistiques - réponses

1er feat2ème featchanson% Correct
KalashDamsoMwaka moon
86%
Rim’kNinhoAir max
82%
OrelsanStromaeLa pluie
70%
MaesBoobaMadrina
70%
OrelsanDamsoRêves bizarres
68%
Freeze corleoneAlpha wannRap catéchisme
65%
Mister vPLKJamais
62%
DisizDamsoRencontre
50%
BoobaBenashValidée
34%
PLKSCHHier
32%
AlkpoteKaarisNautilus
28%
NinhoSofianeLaisse pas trainer ton fils
23%
Fatal bazookaVitooMauvaise foi nocturne
20%
BEN plgLimsa d’AulnayTrucs sentimentaux
16%
Suprême NTMLord KossityMa benz
14%
La fouineBoobaReste en chien
14%
SadekBiga*RanxBoulot
9%
NiroMaesStupéfiant
8%
NiroNiskaÀ qui la faute
7%
GuizmoBigflo & OliPas du même monde
7%
Hugo TSRTragikColoc à terre
5%
D.ACEDavodkaJuge
4%
113Sinik40 lignes, 40 balles
3%
LacrimKeny ArkanaImbattable
3%
Seth guekoSalifMains sales
3%
KamelancienZahoCe qu’on veut
1%

Distribution des résultats

Percentile par nombre de réponses

% des personnes avec chaque résultat

Votre développement - résultats

Vous n’avez pas pris ce quiz